Бөкчөгөркөөн соноҕосчоон (Запись № 9701912)

Подробности
000 -МАРКЕР
контрольное поле 01080nam0a2200253 4500
001 - ИДЕНТИФИКАТОР ЗАПИСИ
контрольное поле RU\NLR\BIBL_A\010695580
005 - ИДЕНТИФИКАТОР ВЕРСИИ
контрольное поле 20260406112624.0
035 ## - ДРУГИЕ СИСТЕМНЫЕ НОМЕРА
Идентификатор записи (NLR Aleph) 010695580
100 ## - ДАННЫЕ ОБЩЕЙ ОБРАБОТКИ
Данные общей обработки 20150312d1972 |||y0rusy50 ca
101 1# - ЯЗЫК РЕСУРСА
Язык текста, звукозаписи и т.д. якутский
Язык оригинала русский
102 ## - СТРАНА ПУБЛИКАЦИИ ИЛИ ПРОИЗВОДСТВА
Страна публикации Российская Федерация
105 ## - ПОЛЕ КОДИРОВАННЫХ ДАННЫХ: ТЕКСТОВЫЕ МАТЕРИАЛЫ, МОНОГРАФИЧЕСКИЕ
Кодированные данные о монографическом текстовом документе a z 000yy
200 1# - ЗАГЛАВИЕ И СВЕДЕНИЯ ОБ ОТВЕТСТВЕННОСТИ
Основное заглавие Бөкчөгөркөөн соноҕосчоон
Первые сведения об ответственности П. П. Ершов
Последующие сведения об ответственности [пер. Савинна С. А.]
210 ## - ПУБЛИКАЦИЯ, РАСПРОСТРАНЕНИЕ И ДР.
Место издания, распространения и т.д. Якутскай
Имя издателя, распространителя и т. д. Саха сиринээҕи кинигэ изд-вота
Дата издания, распространения и т.д. 1972
215 ## - ФИЗИЧЕСКАЯ ХАРАКТЕРИСТИКА
Специфическое обозначение материала и объем 108,[3] с.
Другие сведения о физической характеристике ил.
Размеры 21
541 1# - ПЕРЕВОД ЗАГЛАВИЯ, СДЕЛАННЫЙ КАТАЛОГИЗАТОРОМ
Заглавие Конёк-Горбунок
Сведения, относящиеся к заглавию для детей мл. и сред. шк. возраста.
Язык заглавия русский
686 1# - ИНДЕКСЫ ДРУГИХ КЛАССИФИКАЦИЙ
Индекс Ш9(2)672=Я-5
700 #1 - ИМЯ ЛИЦА - ПЕРВИЧНАЯ ОТВЕТСТВЕННОСТЬ
Код отношения Автор
Графика поля Кириллица
Материалы, к которым относится поле rus
Начальный элемент ввода Ершов
Часть имени, кроме начального элемента ввода П. П.
Дополнения к именам, кроме дат писатель
Даты 1815-1869
Расширение инициалов личного имени Петр Павлович
Идентификатор авторитетной/нормативной записи RU\NLR\AUTH\7789
Системный номер авторитетной/нормативной записи 110191
702 #1 - ИМЯ ЛИЦА - ВТОРИЧНАЯ ОТВЕТСТВЕННОСТЬ
Код отношения Переводчик
Начальный элемент ввода Саввин
Часть имени, кроме начального элемента ввода С. А.
Даты 1903-1970
Расширение инициалов личного имени Степан Афанасьевич
Системный номер авторитетной/нормативной записи 168716
Идентификатор авторитетной/нормативной записи RU\NLR\AUTH\770168766
852 ## - МЕСТОНАХОЖДЕНИЕ И ШИФР ХРАНЕНИЯ
Идентификатор организации NLR
Наименование фонда или коллекции (Sub-Location Identifier) ОНЛ
Шифр хранения (Call Number) Якут./3-1682
942 ## - ДОПОЛНИТЕЛЬНЫЕ ЭЛЕМЕНТЫ ЗАПИСИ (АБИС)
Тип экземпляра АБИС Книга
980 ## - КОЛЛЕКЦИЯ
Название коллекции Национальная библиография
Экземпляры
Тип экземпляра Дата поступления Библиотека постоянного хранения Библиотека текущего хранения Место хранения Шифр хранения Штрих-код Статус экземпляра
Книга 12.03.2015 РНБ (Московский) РНБ (Московский) Фонд национальных литератур ОНЛ Якут./3-1682 1-698040